000 00425nam a2200181Ia 4500
001 12813
005 20260306163008.0
008 260306t2017||||xx |||||||||||||| ||spa||
041 _aESP
082 _aRD 340.03
_bS54
100 _aSilva Vallejo, Jose A.
_eAUT
245 0 _aDiccionario jurídico
260 _c2017
300 _a719 páginas :
_c24 cm.
650 _aGEN
654 _aCDE
942 _cDIC
_dJUS
_fJUS
_2ddc
_n
999 _c12813
_d12813